Переведи часы назад: Стихотворения

Bibliografiset tiedot
Päätekijä: Рубальская Л. А. Лариса Алексеевна
Yhteenveto:Исключено из фонда НТБ ТПУ
Kieli:venäjä
Julkaistu: Москва, ЭКСМО-Пресс, 2000
Aineistotyyppi: Kirja
KOHA link:https://koha.lib.tpu.ru/cgi-bin/koha/opac-detail.pl?biblionumber=24331

MARC

LEADER 00000nam0a2200000 4500
001 24331
005 20231030200153.0
010 |a 5040038925 
035 |a (RuTPU)RU\TPU\book\24558 
035 |a BOOK00000011 
090 |a 24331 
100 |a 20011209d2000 m y0rusy50 ca 
101 0 |a rus 
102 |a RU 
105 |a y z 000ay 
200 1 |a Переведи часы назад  |e Стихотворения  |f Л. А. Рубальская 
210 |a Москва  |c ЭКСМО-Пресс  |d 2000 
215 |a 384 с. 
333 |a Исключено из фонда НТБ ТПУ 
700 1 |a Рубальская  |b Л. А.  |g Лариса Алексеевна 
801 0 |a RU  |b 63413507  |c 20011209  |g PSBO 
801 2 |a RU  |b 63413507  |c 20171002  |g PSBO 
942 |c BK